| 000 | 00423nam a2200133Ia 4500 | ||
|---|---|---|---|
| 999 |
_c15144 _d15144 |
||
| 082 | _aRP 0290 | ||
| 100 | _aPandi, S. Jagadees | ||
| 245 | 0 |
_aImpact of MGNREGA on rural livelihoods: _ba study in selected Districts of Tamil Nadu |
|
| 260 |
_c2015 _bIndian Council of Social Science Research, New Delhi |
||
| 300 | _a159, xxp | ||
| 650 |
_aMGNREGA _vNREGA |
||
| 650 |
_aRural livelihoods _zIndia _zTamil Nadu |
||
| 942 |
_cRP _2ddc |
||